000 00394cam a22001337a 4500
008 180718b1995 xxu||||| |||| 00| 0 eng d
082 _aC4x54 M896t
100 _aMukherjee, Sakti
245 _aConstitution of India
_cby Sakti Mukherjee and Indrani Mukherjee
260 _aCalcutta
_bWorld Press
_c1995
300 _a318p.
650 _aConstitutional law - India
700 _aMukherjee, Indrani
999 _c481288
_d481288